Determinación de la curva de descarga de una de las compuertas del vertedor principal del Proyecto Hidroeléctrico Angostura, mediante un modelo a escala 1:40

Tallennettuna:
Bibliografiset tiedot
Päätekijä: Vargas Uzaga, Federico
Aineistotyyppi: Kirja
Julkaistu: San José, C.R. 2002
Aiheet:
Tagit: Lisää tagi
Ei tageja, Lisää ensimmäinen tagi!

MARC

LEADER 00000nam a2200000Ia 4500
001 4598
003 009035
005 20221231144151.0
008 140114s2002 cr a m 000 ||s d
040 |c cru CEDI 
100 |a Vargas Uzaga, Federico   |9 7163 
245 |a Determinación de la curva de descarga de una de las compuertas del vertedor principal del Proyecto Hidroeléctrico Angostura, mediante un modelo a escala 1:40  
260 |c 2002  |a  San José, C.R. 
300 |a  32 páginas : ilustraciones  
500 |a  Proyecto de graduación (licenciatura en Ingeniería Civil)--Universidad de Costa Rica. Facultad de Ingeniería. Escuela de Ingeniería Civil 
650 |x INSTITUTO COSTARRICENSE DE ELECTRICIDAD. PROYECTO HIDROELECTRICO DE ANGOSTURA (TURRIALBA, CARTAGO, COSTA RICA)   |x VERTEDEROS   |x COMPUERTAS HIDRAULICAS   |x CORRIENTES DE AGUA - MEDICIONES   |x INGENIERIA HIDRAULICA  |9 7164 
942 |c TFG 
999 |c 17848  |d 17848